Elementos de investigación
Salvato in:
| Autore principale: | |
|---|---|
| Natura: | Libro |
| Lingua: | spagnolo |
| Pubblicazione: |
Barcelona
Omega
1958
|
| Edizione: | 1a. ed |
| Soggetti: | |
| Tags: |
Aggiungi Tag
Nessun Tag, puoi essere il primo ad aggiungerne!!
|
MARC
| LEADER | 00000cam a2200000 a 4500 | ||
|---|---|---|---|
| 001 | UCU0090 | ||
| 003 | CL-VaPUC | ||
| 008 | 960315e19580000SP |||||||||||||||||spa|d | ||
| 082 | 0 | 4 | |a 001.42 |b LAM |2 21 |
| 100 | 0 | |a Whitney Lamson, Frederick |e author |9 355075 | |
| 245 | 1 | 0 | |a Elementos de investigación |
| 250 | |a 1a. ed | ||
| 300 | |a 395 p | ||
| 942 | |c BK | ||
| 945 | |d 19960315 00:00:00 |a lriquelm | ||
| 260 | |a Barcelona |b Omega |c 1958 | ||
| 650 | 0 | |a Investigación |9 257811 | |
| 650 | 0 | |a Investigación científica |9 259857 | |
| 650 | 0 | |a Métodos de investigación |9 262618 | |
| 583 | |a last modification |c 20170224 05:36:09 |k Rodrigo Vera | ||
| 999 | |c 245037 |d 245035 | ||
| 952 | |0 0 |1 0 |4 0 |6 001_420000000000000_LAM_1958 |7 0 |8 A |9 259374 |a BIBDER |b BIBDER |d 2019-11-19 |i 1865889 |o 001.42 LAM 1958 |p 1865889 |r 2023-01-25 |w 2019-11-19 |y BK |k DER | ||
| 952 | |0 0 |1 0 |4 0 |6 001_420000000000000_LAM_1958 |7 0 |8 A |9 259375 |a BIBDER |b BIBDER |d 2019-11-19 |i 1865420 |o 001.42 LAM 1958 |p 1865420 |r 2023-01-25 |w 2019-11-19 |y BK |k DER | ||
| 952 | |0 0 |1 0 |3 erd |4 0 |6 001_420000000000000_LAM_1958 |7 0 |8 A |9 259376 |a BIBENE |b BIBENE |i 5328357 |o 001.42 LAM 1958 |p 5328357 |r 2025-01-15 |w 2019-11-19 |y BK |z Catalogado en:20170303 |k ICO | ||